Let my people go! : (Record no. 9837)
[ view plain ]
| 000 -LEADER | |
|---|---|
| fixed length control field | 01099cam a2200289 a 4500 |
| 001 - CONTROL NUMBER | |
| control field | 1681950 |
| 003 - CONTROL NUMBER IDENTIFIER | |
| control field | GBCCL |
| 005 - DATE AND TIME OF LATEST TRANSACTION | |
| control field | 20241126110719.0 |
| 008 - FIXED-LENGTH DATA ELEMENTS--GENERAL INFORMATION | |
| fixed length control field | 981202s1998 oruab 000 0 eng |
| 010 ## - | |
| -- | 98226464 |
| 020 ## - INTERNATIONAL STANDARD BOOK NUMBER | |
| International Standard Book Number | 1576734595 |
| 040 ## - CATALOGING SOURCE | |
| Original cataloging agency | DLC |
| Transcribing agency | DLC |
| Modifying agency | DLC |
| 043 ## - | |
| -- | f-sj--- |
| 050 00 - | |
| -- | HT1384.S73 |
| -- | B65 1998 |
| 082 ## - DEWEY DECIMAL CLASSIFICATION NUMBER | |
| Classification number | 272.092 |
| Item number | BOM |
| 100 1# - MAIN ENTRY--PERSONAL NAME | |
| Personal name | Bombay, Cal R. |
| 9 (RLIN) | 17070 |
| 245 10 - TITLE STATEMENT | |
| Title | Let my people go! : |
| Remainder of title | the true story of present-day persecution and slavery / |
| Statement of responsibility, etc. | Cal R. Bombay. |
| 260 ## - PUBLICATION, DISTRIBUTION, ETC. | |
| Place of publication, distribution, etc. | Sisters, Or. : |
| Name of publisher, distributor, etc. | Multnomah Publishers, |
| Date of publication, distribution, etc. | c1998. |
| 300 ## - PHYSICAL DESCRIPTION | |
| Extent | 192 p. : |
| Other physical details | ill., maps ; |
| Dimensions | 23 cm. |
| 650 #0 - SUBJECT ADDED ENTRY--TOPICAL TERM | |
| Topical term or geographic name entry element | Slavery |
| Geographic subdivision | Sudan. |
| 9 (RLIN) | 17071 |
| 650 #0 - SUBJECT ADDED ENTRY--TOPICAL TERM | |
| Topical term or geographic name entry element | Persecution |
| Geographic subdivision | Sudan. |
| 9 (RLIN) | 17072 |
| 856 42 - ELECTRONIC LOCATION AND ACCESS | |
| Materials specified | Contributor biographical information |
| Uniform Resource Identifier | <a href="http://www.loc.gov/catdir/enhancements/fy0729/98226464-b.html">http://www.loc.gov/catdir/enhancements/fy0729/98226464-b.html</a> |
| 856 42 - ELECTRONIC LOCATION AND ACCESS | |
| Materials specified | Publisher description |
| Uniform Resource Identifier | <a href="http://www.loc.gov/catdir/enhancements/fy0729/98226464-d.html">http://www.loc.gov/catdir/enhancements/fy0729/98226464-d.html</a> |
| 906 ## - LOCAL DATA ELEMENT F, LDF (RLIN) | |
| a | 7 |
| b | cbc |
| c | orignew |
| d | 2 |
| e | ncip |
| f | 19 |
| g | y-gencatlg |
| 942 ## - ADDED ENTRY ELEMENTS (KOHA) | |
| Source of classification or shelving scheme | Dewey Decimal Classification |
| Koha item type | Books |
| Withdrawn status | Lost status | Source of classification or shelving scheme | Damaged status | Not for loan | Home library | Current Library | Shelving location | Date acquired | Total checkouts | Full call number | Barcode | Date last seen | Copy number | Price effective from | Koha item type |
|---|---|---|---|---|---|---|---|---|---|---|---|---|---|---|---|
| Dewey Decimal Classification | GRACE BIBLE COLLEGE | GRACE BIBLE COLLEGE | Church History | 2023-07-28 | 272.092 BOM | 016294 | 2025-05-01 | c.1 | 2023-07-28 | Books |